|
|
|
|
| LEADER |
00000ngm a2200000 a 4500 |
| 003 |
cru INIE |
| 005 |
20160919140415.0 |
| 008 |
160919b2012 cu ||||| |||| 00| 0 spa d |
| 020 |
|
|
|a 9789597217503
|
| 040 |
|
|
|a cru INIE
|
| 090 |
|
|
|a CD #269
|
| 110 |
2 |
|
|9 2002
|a Centro de Estudios de la Mujer (CEM)
|
| 245 |
1 |
0 |
|a Centro de Estudios de la mujer: Aniversario 15 / CEM
|
| 260 |
|
|
|a La Habana, Cuba :
|b CEM,
|c 2012
|
| 300 |
|
|
|a 1 videodisco;
|b sonoro
|
| 500 |
|
|
|a Esta multimedia muestra la labor científico investigativa del Centro de Estudios de la Mujer durante quince años: publicaciones, resúmenes de resultados de investigación, fotos, testimonios, videos, permiten apreciar los logros más relevantes y evidenciar el compromiso con la historia y el futuro de nuestra sociedad.
|
| 500 |
|
|
|a Contiene información sobre el CEM, fichas de investigaiones, publicaciones (libros, folletos, CD-Rom), archivo histórico, directorio Nacional de Cátedras de la Mujer, fotos, videos
|
| 508 |
|
|
|a La realización de esta multimedia ha sido dirigida y supervisada por: Dra. Mayda Álvarez Suárez, Directora del Centro de Estudios de la Mujer.
|
| 650 |
|
0 |
|9 69
|a GÉNERO
|
| 650 |
|
0 |
|9 85
|a VIOLENCIA CONTRA LAS MUJERES
|
| 650 |
|
0 |
|9 821
|a ADULTOS
|
| 650 |
|
0 |
|9 716
|a PARTICIPACIÓN DE LA MUJER
|
| 651 |
|
0 |
|9 1261
|a CUBA
|
| 942 |
|
|
|i 004230
|h CD #269
|2 z
|c 08
|
| 995 |
|
|
|b
|a
|
| 999 |
|
|
|c 714
|d 714
|